000 00536nam a2200205 a 4500
001 2589
003 CO-ViMGA
008 141112s2004 ck r 000 u spa d
040 _aCO-ViMGA
_bspa
_cCO-ViMGA
082 0 4 _a634 I117
100 1 _aIbar, Leandro
_951573
245 1 0 _aAguacate, Chirimoyo, Mango, Papaya
260 _aMexico :
_bAedos,
_c1993
300 _a173 p
650 1 4 _aAGUACATE - CULTIVO
650 1 4 _aCHIRIMOYO - CULTIVO
_951575
650 1 4 _aMANGO - CULTIVO
650 1 4 _aPAPAYA - CULTIVO
_951577
942 _2ddc
_cBK
999 _c14665
_d14665